Cultural criticism : a primer of key concepts

Αποθηκεύτηκε σε:
Λεπτομέρειες βιβλιογραφικής εγγραφής
Κύριος συγγραφέας: Berger, Arthur Asa 1933-
Μορφή: Βιβλίο
Γλώσσα:English
Δημοσίευση: Thousand Oaks : Sage Publications, c1995
Σειρά:Foundations of popular culture ; ; 4
Θέματα:
Ετικέτες: Προσθήκη ετικέτας
Δεν υπάρχουν, Καταχωρήστε ετικέτα πρώτοι!

MARC

LEADER 00000nam a2200000 i 4500
001 1/13633
008 001129s1995 eng d
020 |a 0-8039-5734-3 
035 |l 10064695 
040 |a GR-MY-UA  |b gre  |e aacr 
041 0 |a eng 
082 0 |a 306.4 
100 1 |a Berger, Arthur Asa  |d 1933- 
245 1 0 |a Cultural criticism :  |b a primer of key concepts /  |c Arthur Asa Berger 
260 |a Thousand Oaks :   |b Sage Publications,   |c c1995 
300 |a xii, 194 p. 
490 1 |a Foundations of popular culture  |v ; 4 
504 |a Includes bibliographical references and index 
650 0 0 |a Culture. 
650 0 0 |a Criticism. 
650 0 0 |a Communism and culture. 
650 0 0 |a Semiotics  |x Social aspects. 
650 0 0 |a Psychoanalysis and culture. 
650 0 0 |a Sociology  |x Methodology. 
830 0 |a Foundations of popular culture ;  |v ; 4 
852 |a INST  |b LESVOS  |e 20001129  |h 306.4 BER  |p 005100029498  |q 005100029498  |t BK  |y 0 
901 |a BIBL1-2000-3 
909 |a Λ  |b 082867 
922 |a 1ΕΛΗ  |b 200011  |c ΤΑΚ/ΠΤΕ  |d ΜΙΧΑΛΟΠΟΥΛΟΣ 
950 |a 185-2000-09-13 
970 |a ΤΖΑΦΕΡΗ  |b ΕΥΑΓΓΕΛΙΑ  |z 2000/12/01